Notizie storico-biografiche intorno al conte Baldassare Castiglione (Record no. 158923)

MARC details
000 -LEADER
campo de control de longitud fija 00890nam a22001935i 4500
001 - NÚMERO DE CONTROL
campo de control 158923
003 - IDENTIFICADOR DE NÚMERO DE CONTROL
campo de control ES-MaACL
005 - FECHA Y HORA DE LA ÚLTIMA TRANSACCIÓN
campo de control 20230906211359.0
008 - DATOS DE LONGITUD FIJA--INFORMACIÓN GENERAL
campo de control de longitud fija 990308s1890 it |||| | ita d
100 1# - ENTRADA PRINCIPAL--NOMBRE DE PERSONA
Nombre de persona Martinati, Camillo.
9 (RLIN) 129567
245 10 - MENCIÓN DEL TÍTULO
Título Notizie storico-biografiche intorno al conte Baldassare Castiglione
Resto del título : con documenti inediti /
Mención de responsabilidad, etc. studio del Camillo Martinati.
260 ## - PUBLICACIÓN, DISTRIBUCIÓN, ETC.
Lugar de publicación, distribución, etc. Firenze :
Nombre del editor, distribuidor, etc. [s.n.],
Fecha de publicación, distribución, etc. 1890 (
Fabricante Successori Le Monier)
300 ## - DESCRIPCIÓN FÍSICA
Extensión 91 p. ;
Dimensiones 27 cm.
490 1# - MENCIÓN DE SERIE
Mención de serie Pubblicazioni del R, Istituto di Studi Superiori Pratici e di Perfezionamento in Firenze. Sezione di Filosofia e Filologia
600 14 - PUNTO DE ACCESO ADICIONAL DE MATERIA--NOMBRE DE PERSONA
Nombre de persona Castiglione, Baldassarre
Títulos y otros términos asociados al nombre conte.
9 (RLIN) 146081
830 0# - PUNTO DE ACCESO ADICIONAL DE SERIE-TÍTULO UNIFORME
Título uniforme Pubblicazioni del R, Istituto di Studi Superiori Pratici e di Perfezionamento in Firenze. Sezione di Filosofia e Filologia
9 (RLIN) 188503
852 ## - LOCALIZACIÓN
Ubicación ES-MaACL
Número de control de estantería G-12265
Nota libre . - Enc. hol.
Holdings
Estatus retirado Estado de pérdida Estado de daño No para préstamo Colección Biblioteca de origen Biblioteca actual Ubicación en estantería Fecha de adquisición Fuente de adquisición Total de préstamos Signatura topográfica completa Código de barras Visto por última vez Precio de reemplazo Tipo de ítem Koha
        Libros del s. XIX Biblioteca del Ateneo de Madrid Biblioteca del Ateneo de Madrid Sala Pecera Planta 3 17/01/2008     G-12265 1166347 23/02/2023 23/02/2023 Libro impreso antiguo